LDR 00931naa#a2200181#i#450# 001 EN\\bibl\126814 005 20260701160257.3 011 ## _a1815-588X 100 ## _a20260630b2026####ek#y0engy0150####ca 102 ## _aRU 200 1# _aAssessment of the Possibility of Using a New Method for Constructing Underwater Urban Tunnels in Unrelated Silty Soils _eJournal article 210 1# _aSaint-Petersburg _cFSBEI HE "Emperor Alexander I St. Petersburg State Transport University" _d2026 215 ## _a8 с. 608 ## _aJournal article _2local 675 ## _aПодводные тоннели. 624.19.034.5 _aСтроительная механика. Графическая и аналитическая статика применительно к исследованию, проектированию и расчету конструкций. 69.04 _z 700 #1 _aMel'nik _gYana Vladlenovna 700 #1 _aFedorov _gAndrey Eduardovich 856 4# _aitt-pgups.ru _u